|
|
|
|
| LEADER |
00000naa2a2200000 4500 |
| 001 |
208123 |
| 005 |
20231031191358.0 |
| 035 |
|
|
|a (RuTPU)RU\TPU\book\227173
|
| 035 |
|
|
|a RU\TPU\book\227172
|
| 090 |
|
|
|a 208123
|
| 100 |
|
|
|a 20120131d1973 k y0rusy50 ca
|
| 101 |
0 |
|
|a rus
|
| 102 |
|
|
|a RU
|
| 200 |
1 |
|
|a Осциллографический фотометр СИФ-1М с промышленной регистрирующей аппаратурой
|f И. М. Гуревич [и др.]
|
| 225 |
1 |
|
|a Фотоэлектрические методы измерения импульсного излучения
|
| 320 |
|
|
|a Библиогр.: с. 66 (6 назв.)
|
| 461 |
|
0 |
|0 (RuTPU)RU\TPU\book\226521
|t Импульсная фотометрия
|o [сборник статей]
|f Государственный оптический институт им. С. И. Вавилова ; под ред. А. А. Волькенштейна
|d 1969-
|
| 463 |
|
0 |
|0 (RuTPU)RU\TPU\book\226899
|t Вып. 3
|v С. 61-66
|d 1973
|p 192 с.
|
| 701 |
|
1 |
|a Гуревич
|b И. М.
|
| 701 |
|
1 |
|a Финкельштейн
|b Л. Е.
|
| 701 |
|
1 |
|a Яловега
|b Т. В.
|
| 701 |
|
1 |
|a Нухимовский
|b М. И.
|
| 701 |
|
1 |
|a Новикова
|b Г. М.
|
| 701 |
|
1 |
|a Шевчук
|b В. К.
|
| 801 |
|
1 |
|a RU
|b 63413507
|c 20120131
|
| 801 |
|
2 |
|a RU
|b 63413507
|c 20120131
|g RCR
|
| 942 |
|
|
|c BK
|